000 00339nam a2200133Ia 4500
005 20260326235451.0
008 260326s9999||||xx |||||||||||||| ||und||
100 _aGiedion, Sigfried
245 0 _aWalter Gropius :
_b Works and Teamworks /
_cSigfried Giedion
260 _bReinhold
300 _a249 p.
650 _aARQUITECTOS
942 _cBK
999 _c7756
_d7756